|
|
|
|
| LEADER |
01456nim a2200433 a 4500 |
| 001 |
001183530 |
| 003 |
CZ BrMZK |
| 005 |
20111229115429.0 |
| 007 |
sd^ |
| 008 |
111130s2011 xr cze |
| 024 |
3 |
|
|a 8594046757704
|
| 028 |
0 |
1 |
|a LK 1770-2
|b Levné knihy
|
| 040 |
|
|
|a BOA001
|b cze
|
| 041 |
1 |
|
|d cze
|h rus
|
| 072 |
|
7 |
|a 821.161.1
|x Ruská literatura
|2 Konspekt
|9 25
|
| 080 |
|
|
|a 821.161.1-31
|2 MRF
|
| 080 |
|
|
|a (0:82-31)
|2 MRF
|
| 080 |
|
|
|a (086.7)08
|2 MRF
|
| 080 |
|
|
|a (086.76)
|2 MRF
|
| 100 |
1 |
|
|a Bulgakov, Michail Afanas‘jevič,
|d 1891-1940
|7 jn19992000108
|4 aut
|
| 240 |
1 |
0 |
|a Master i Margarita.
|l Česky
|
| 245 |
1 |
0 |
|a Mistr a Markétka
|h [zvukový záznam] /
|c Michail Bulgakov
|
| 260 |
|
|
|a Praha :
|b Levné knihy,
|c p2011
|
| 300 |
|
|
|a 2 zvukové desky :
|b digital, MP3
|
| 490 |
0 |
|
|a Audioknihy
|
| 500 |
|
|
|a Kompaktní deska
|
| 500 |
|
|
|a Přeloženo z ruštiny
|
| 500 |
|
|
|a Překlad Libor Dvořák
|
| 508 |
|
|
|a Režie Hana Kofránková
|
| 511 |
0 |
|
|a Čte Jiří Ornest
|
| 518 |
|
|
|a Nahráno ve studiu DAMU a Bystrouška Praha 2011
|
| 655 |
|
7 |
|a ruské romány
|7 fd133320
|2 czenas
|
| 655 |
|
7 |
|a audioknihy
|7 fd119452
|2 czenas
|
| 655 |
|
7 |
|a kompaktní desky
|7 fd201991
|2 czenas
|
| 700 |
1 |
|
|a Ornest, Jiří,
|d 1946-2017
|7 jn20000620260
|4 stl
|
| 910 |
|
|
|a BOA001
|b CDR-1275.875
|
| 990 |
|
|
|a AV
|
| 991 |
|
|
|b 201112
|e b
|
| 996 |
6 |
|
|b 2610495571
|c CDR-1275.875
|l MZK
|r Sklad / do 24 hodin
|n 2
|p p.v.
|w 001217223
|u 000010
|a 1
|e BOA001
|j MZK50
|s P
|